[Event "Amateur Tournament (ATO)"]
[Site "https://www.chess.com"]
[Date "2025.07.19"]
[Round "5"]
[White "Michel, Jean-claude"]
[Black "Wegelin, Reinhard"]
[Result "1-0"]
[Board "23"]
[WhiteFideId "1301241"]
[BlackFideId "1305778"]
[WhiteElo "1730"]
[BlackElo "1812"]
[WhiteTeam "SUI"]
[BlackTeam "SUI"]
[WhiteClock "0:04:29"]
[BlackClock "0:01:08"]
[Variant "Standard"]

1. d4 {[%clk 1:30:54]}  d6 {[%clk 1:30:42]} 2. c4 {[%clk 1:30:58]}  e5 {[%clk 1:31:05]} 3. d5 {[%clk 1:31:06]}  Nd7 {[%clk 1:31:15]} 4. Nc3 {[%clk 1:31:19]}  Ngf6 {[%clk 1:31:26]} 5. e4 {[%clk 1:30:28]}  a5 {[%clk 1:31:45]} 6. Be3 {[%clk 1:28:43]}  Be7 {[%clk 1:31:16]} 7. Nge2 {[%clk 1:28:39]}  Ng4 {[%clk 1:30:13]} 8. Bd2 {[%clk 1:27:03]}  Bg5 {[%clk 1:30:01]} 9. Ng3 {[%clk 1:25:31]}  Bxd2+ {[%clk 1:29:37]} 10. Qxd2 {[%clk 1:25:51]}  O-O {[%clk 1:28:15]} 11. Be2 {[%clk 1:25:53]}  Nc5 {[%clk 1:27:44]} 12. O-O {[%clk 1:24:46]}  Qh4 {[%clk 1:26:06]} 13. Bxg4 {[%clk 1:22:56]}  Qxg4 {[%clk 1:26:24]} 14. f3 {[%clk 1:21:54]}  Qg6 {[%clk 1:25:12]} 15. Nb5 {[%clk 1:20:10]}  c6 {[%clk 1:22:34]} 16. dxc6 {[%clk 1:07:10]}  bxc6 {[%clk 1:22:36]} 17. Nc3 {[%clk 1:07:22]}  Rb8 {[%clk 1:18:29]} 18. Rfd1 {[%clk 1:07:04]}  Rd8 {[%clk 1:07:33]} 19. Qe3 {[%clk 1:05:20]}  Be6 {[%clk 1:05:17]} 20. b3 {[%clk 1:02:17]}  h5 {[%clk 1:04:31]} 21. Rd2 {[%clk 0:57:02]}  h4 {[%clk 1:03:50]} 22. Nf1 {[%clk 0:56:41]}  a4 {[%clk 1:02:30]} 23. Rad1 {[%clk 0:55:07]}  axb3 {[%clk 0:54:15]} 24. axb3 {[%clk 0:55:10]}  Nxb3 {[%clk 0:53:20]} 25. Rxd6 {[%clk 0:54:11]}  Nd4 {[%clk 0:52:41]} 26. Rxd8+ {[%clk 0:50:17]}  Rxd8 {[%clk 0:52:59]} 27. c5 {[%clk 0:50:26]}  Rb8 {[%clk 0:52:10]} 28. Rb1 {[%clk 0:49:06]}  Rxb1 {[%clk 0:50:56]} 29. Nxb1 {[%clk 0:47:55]}  f5 {[%clk 0:48:51]} 30. exf5 {[%clk 0:43:57]}  Bxf5 {[%clk 0:46:23]} 31. Nbd2 {[%clk 0:43:38]}  Bh3 {[%clk 0:32:43]} 32. Qf2 {[%clk 0:43:03]}  Ne6 {[%clk 0:29:54]} 33. Kh1 {[%clk 0:41:27]}  Bf5 {[%clk 0:28:32]} 34. Qxh4 {[%clk 0:39:49]}  Bd3 {[%clk 0:25:12]} 35. Qe7 {[%clk 0:35:09]}  Nf4 {[%clk 0:24:06]} 36. Qd8+ {[%clk 0:33:42]}  Kh7 {[%clk 0:23:48]} 37. Qd4 {[%clk 0:08:12]}  Kg8 {[%clk 0:06:37]} 38. h4 {[%clk 0:04:29]}  Kf7 {[%clk 0:01:08]} 1-0

[Event "Amateur Tournament (ATO)"]
[Site "https://www.chess.com"]
[Date "2025.07.19"]
[Round "5"]
[White "Ernst, Heinz"]
[Black "Christoffersen, Odd"]
[Result "1-0"]
[Board "24"]
[WhiteFideId "1303295"]
[BlackFideId "1506129"]
[WhiteElo "1790"]
[BlackElo "1728"]
[WhiteTeam "SUI"]
[BlackTeam "NOR"]
[WhiteClock "0:05:56"]
[BlackClock "0:19:57"]
[Variant "Standard"]

1. d4 {[%clk 1:30:55]}  d5 {[%clk 1:30:49]} 2. c4 {[%clk 1:31:08]}  e6 {[%clk 1:31:08]} 3. Nc3 {[%clk 1:31:24]}  c6 {[%clk 1:31:28]} 4. Nf3 {[%clk 1:31:17]}  dxc4 {[%clk 1:29:54]} 5. e3 {[%clk 1:31:07]}  b5 {[%clk 1:30:09]} 6. a4 {[%clk 1:29:48]}  Bb4 {[%clk 1:30:14]} 7. axb5 {[%clk 1:27:31]}  Bxc3+ {[%clk 1:26:35]} 8. bxc3 {[%clk 1:27:35]}  cxb5 {[%clk 1:26:44]} 9. Be2 {[%clk 1:25:44]}  Nd7 {[%clk 1:25:02]} 10. O-O {[%clk 1:23:46]}  Ne7 {[%clk 1:24:11]} 11. Qc2 {[%clk 1:15:46]}  Qc7 {[%clk 1:20:00]} 12. Ba3 {[%clk 1:13:58]}  Bb7 {[%clk 1:19:25]} 13. Rfb1 {[%clk 1:09:15]}  a6 {[%clk 1:16:44]} 14. Ng5 {[%clk 1:06:16]}  Nf6 {[%clk 1:14:53]} 15. f3 {[%clk 1:01:12]}  h6 {[%clk 1:08:22]} 16. Ne4 {[%clk 1:00:14]}  Nxe4 {[%clk 1:08:22]} 17. fxe4 {[%clk 1:00:29]}  Rd8 {[%clk 1:02:51]} 18. Bf3 {[%clk 0:56:55]}  O-O {[%clk 1:02:32]} 19. e5 {[%clk 0:54:10]}  Rfe8 {[%clk 1:01:30]} 20. Bb4 {[%clk 0:47:36]}  Ra8 {[%clk 0:59:09]} 21. Ra3 {[%clk 0:44:27]}  Bxf3 {[%clk 0:51:33]} 22. gxf3 {[%clk 0:44:33]}  Qb7 {[%clk 0:51:40]} 23. e4 {[%clk 0:36:51]}  Nc8 {[%clk 0:48:18]} 24. Ba5 {[%clk 0:32:38]}  Re7 {[%clk 0:44:23]} 25. Rba1 {[%clk 0:26:52]}  Nb6 {[%clk 0:39:42]} 26. Qb2 {[%clk 0:22:52]}  Na4 {[%clk 0:37:45]} 27. Qb4 {[%clk 0:22:43]}  Rc8 {[%clk 0:34:59]} 28. Rb1 {[%clk 0:21:30]}  Qd7 {[%clk 0:33:56]} 29. Ra2 {[%clk 0:17:53]}  Ree8 {[%clk 0:31:05]} 30. Kg2 {[%clk 0:06:26]}  Qe7 {[%clk 0:25:45]} 31. Rd1 {[%clk 0:06:33]}  f6 {[%clk 0:21:53]} 32. f4 {[%clk 0:05:56]}  fxe5 {[%clk 0:19:57]} 1-0

[Event "Amateur Tournament (ATO)"]
[Site "https://www.chess.com"]
[Date "2025.07.19"]
[Round "5"]
[White "Bachmann, Daniel"]
[Black "Rajendran, Ishaan"]
[Result "0-1"]
[Board "26"]
[WhiteFideId "1357492"]
[BlackFideId "39910032"]
[WhiteElo "1766"]
[BlackElo "1725"]
[WhiteTeam "SUI"]
[BlackTeam "USA"]
[WhiteClock "0:32:58"]
[BlackClock "1:07:18"]
[Variant "Standard"]

1. e4 {[%clk 1:24:43]}  c6 {[%clk 1:30:50]} 2. d4 {[%clk 1:24:41]}  d5 {[%clk 1:31:03]} 3. f3 {[%clk 1:24:48]}  dxe4 {[%clk 1:31:31]} 4. fxe4 {[%clk 1:25:00]}  e5 {[%clk 1:32:00]} 5. Nf3 {[%clk 1:24:59]}  Bg4 {[%clk 1:32:21]} 6. c3 {[%clk 1:24:58]}  Nd7 {[%clk 1:32:48]} 7. Bd3 {[%clk 1:25:15]}  Bd6 {[%clk 1:33:00]} 8. O-O {[%clk 1:25:25]}  Ngf6 {[%clk 1:33:24]} 9. Na3 {[%clk 1:25:32]}  O-O {[%clk 1:33:28]} 10. Nc4 {[%clk 1:25:55]}  Bc7 {[%clk 1:33:37]} 11. Ne3 {[%clk 1:26:05]}  Bh5 {[%clk 1:32:07]} 12. Nf5 {[%clk 1:25:53]}  Bb6 {[%clk 1:29:32]} 13. Kh1 {[%clk 1:21:22]}  Re8 {[%clk 1:26:41]} 14. Qe1 {[%clk 1:19:57]}  exd4 {[%clk 1:25:10]} 15. Qg3 {[%clk 1:15:27]}  Bg6 {[%clk 1:23:30]} 16. Bg5 {[%clk 0:46:55]}  Bc7 {[%clk 1:14:02]} 17. Bf4 {[%clk 0:42:28]}  Nh5 {[%clk 1:13:27]} 18. Qg4 {[%clk 0:36:59]}  Nxf4 {[%clk 1:11:28]} 19. Bc4 {[%clk 0:37:00]}  Nf6 {[%clk 1:07:25]} 20. Qh3 {[%clk 0:36:13]}  Nxh3 {[%clk 1:07:51]} 21. gxh3 {[%clk 0:36:25]}  Nxe4 {[%clk 1:07:54]} 22. N5xd4 {[%clk 0:36:05]}  Qd6 {[%clk 1:07:42]} 23. Rad1 {[%clk 0:36:11]}  Bh5 {[%clk 1:06:53]} 24. Rd3 {[%clk 0:34:48]}  c5 {[%clk 1:06:52]} 25. Bxf7+ {[%clk 0:32:58]}  Bxf7 {[%clk 1:07:18]} 0-1

[Event "Amateur Tournament (ATO)"]
[Site "https://www.chess.com"]
[Date "2025.07.19"]
[Round "5"]
[White "Avilova, Yulia"]
[Black "Panda, Gyorgy"]
[Result "1-0"]
[Board "27"]
[WhiteFideId "34166073"]
[BlackFideId "799548"]
[WhiteElo "1762"]
[BlackElo "1718"]
[WhiteTeam "SUI"]
[BlackTeam "HUN"]
[WhiteClock "1:16:12"]
[BlackClock "0:44:05"]
[Variant "Standard"]

1. Nf3 {[%clk 1:30:57]}  Nf6 {[%clk 1:30:33]} 2. c4 {[%clk 1:31:23]}  e6 {[%clk 1:30:28]} 3. d4 {[%clk 1:31:45]}  d5 {[%clk 1:30:37]} 4. e3 {[%clk 1:32:10]}  Be7 {[%clk 1:30:56]} 5. Nc3 {[%clk 1:32:32]}  O-O {[%clk 1:31:16]} 6. b3 {[%clk 1:32:52]}  c5 {[%clk 1:30:45]} 7. cxd5 {[%clk 1:32:26]}  Nxd5 {[%clk 1:30:46]} 8. Nxd5 {[%clk 1:32:22]}  exd5 {[%clk 1:29:46]} 9. Bb2 {[%clk 1:31:55]}  cxd4 {[%clk 1:27:59]} 10. Bxd4 {[%clk 1:30:31]}  Nc6 {[%clk 1:23:06]} 11. Bc3 {[%clk 1:30:11]}  Bg4 {[%clk 1:23:26]} 12. Be2 {[%clk 1:30:16]}  Rc8 {[%clk 1:19:11]} 13. O-O {[%clk 1:29:58]}  Qd6 {[%clk 1:15:34]} 14. Qd2 {[%clk 1:28:50]}  Rfd8 {[%clk 1:15:36]} 15. Rfd1 {[%clk 1:28:43]}  Bf6 {[%clk 1:08:07]} 16. Nd4 {[%clk 1:22:56]}  Bxe2 {[%clk 1:00:25]} 17. Qxe2 {[%clk 1:22:45]}  Ne7 {[%clk 0:50:38]} 18. Nb5 {[%clk 1:18:01]}  h6 {[%clk 0:44:05]} 19. h3 {[%clk 1:17:53]}  h5 {[%clk 0:44:05]} 20. Qd2 {[%clk 1:16:12]} 1-0

[Event "Amateur Tournament (ATO)"]
[Site "https://www.chess.com"]
[Date "2025.07.19"]
[Round "5"]
[White "Linder, Ernst"]
[Black "Balsiger, Matthias"]
[Result "1-0"]
[Board "28"]
[WhiteFideId "1357735"]
[BlackFideId "1320653"]
[WhiteElo "1726"]
[BlackElo "1748"]
[WhiteTeam "SUI"]
[BlackTeam "SUI"]
[WhiteClock "0:45:32"]
[BlackClock "0:43:36"]
[Variant "Standard"]

1. d4 {[%clk 1:30:35]}  d5 {[%clk 1:30:30]} 2. Nf3 {[%clk 1:30:35]}  Nf6 {[%clk 1:30:57]} 3. c4 {[%clk 1:30:33]}  e6 {[%clk 1:31:06]} 4. Nc3 {[%clk 1:29:00]}  Be7 {[%clk 1:30:50]} 5. e3 {[%clk 1:28:09]}  O-O {[%clk 1:30:58]} 6. Be2 {[%clk 1:27:31]}  Nbd7 {[%clk 1:29:59]} 7. O-O {[%clk 1:24:40]}  c6 {[%clk 1:29:53]} 8. h3 {[%clk 1:20:46]}  b6 {[%clk 1:29:28]} 9. a3 {[%clk 1:19:17]}  Bb7 {[%clk 1:27:59]} 10. Bd2 {[%clk 1:17:37]}  Bd6 {[%clk 1:27:00]} 11. Rc1 {[%clk 1:15:18]}  dxc4 {[%clk 1:21:47]} 12. Bxc4 {[%clk 1:06:05]}  c5 {[%clk 1:21:57]} 13. Nb5 {[%clk 1:02:43]}  Qe7 {[%clk 1:17:16]} 14. Nxd6 {[%clk 0:59:43]}  Qxd6 {[%clk 1:13:40]} 15. dxc5 {[%clk 0:59:40]}  Nxc5 {[%clk 1:11:58]} 16. Nd4 {[%clk 0:59:32]}  Rfd8 {[%clk 1:05:00]} 17. Bb4 {[%clk 0:52:20]}  a5 {[%clk 1:04:59]} 18. Bxc5 {[%clk 0:47:30]}  Qxc5 {[%clk 1:01:53]} 19. Bxe6 {[%clk 0:46:53]}  Qg5 {[%clk 1:01:03]} 20. Bg4 {[%clk 0:45:48]}  Bxg2 {[%clk 0:52:16]} 21. Kxg2 {[%clk 0:45:31]}  h5 {[%clk 0:46:14]} 22. f4 {[%clk 0:45:32]}  Qg6 {[%clk 0:43:36]} 1-0

[Event "Amateur Tournament (ATO)"]
[Site "https://www.chess.com"]
[Date "2025.07.19"]
[Round "5"]
[White "Loeffler, Helmut"]
[Black "Boyer, Jean-Francois"]
[Result "1/2-1/2"]
[Board "30"]
[WhiteFideId "1317482"]
[BlackFideId "650226"]
[WhiteElo "1709"]
[BlackElo "1743"]
[WhiteTeam "SUI"]
[BlackTeam "FRA"]
[WhiteClock "0:42:05"]
[BlackClock "0:29:31"]
[Variant "Standard"]

1. d4 {[%clk 1:30:57]}  d5 {[%clk 1:30:50]} 2. Nf3 {[%clk 1:31:17]}  Nf6 {[%clk 1:31:09]} 3. e3 {[%clk 1:31:32]}  c6 {[%clk 1:30:40]} 4. Bd3 {[%clk 1:31:40]}  Nbd7 {[%clk 1:30:31]} 5. Nbd2 {[%clk 1:31:53]}  Qc7 {[%clk 1:25:28]} 6. O-O {[%clk 1:31:31]}  e5 {[%clk 1:24:36]} 7. dxe5 {[%clk 1:30:55]}  Nxe5 {[%clk 1:24:47]} 8. Nxe5 {[%clk 1:28:55]}  Qxe5 {[%clk 1:25:08]} 9. Nf3 {[%clk 1:28:34]}  Qd6 {[%clk 1:21:06]} 10. c4 {[%clk 1:24:35]}  dxc4 {[%clk 1:13:19]} 11. Bxc4 {[%clk 1:24:41]}  Qxd1 {[%clk 1:12:23]} 12. Rxd1 {[%clk 1:24:48]}  Bg4 {[%clk 1:12:24]} 13. Be2 {[%clk 1:22:58]}  Bc5 {[%clk 1:08:54]} 14. h3 {[%clk 1:22:10]}  Bh5 {[%clk 1:06:12]} 15. g4 {[%clk 1:19:38]}  Bg6 {[%clk 1:06:05]} 16. a3 {[%clk 1:16:57]}  a5 {[%clk 1:03:21]} 17. Bd2 {[%clk 1:13:08]}  Ne4 {[%clk 1:00:35]} 18. Be1 {[%clk 1:10:01]}  Bb6 {[%clk 0:53:00]} 19. Ne5 {[%clk 1:04:41]}  f6 {[%clk 0:48:48]} 20. Nc4 {[%clk 1:02:55]}  Bc7 {[%clk 0:48:18]} 21. Kg2 {[%clk 0:59:34]}  b5 {[%clk 0:43:58]} 22. Nd2 {[%clk 0:58:04]}  O-O-O {[%clk 0:40:45]} 23. Nb3 {[%clk 0:54:37]}  a4 {[%clk 0:36:35]} 24. Nd4 {[%clk 0:54:34]}  Kb7 {[%clk 0:31:45]} 25. Rac1 {[%clk 0:53:25]}  Rd6 {[%clk 0:25:00]} 26. f3 {[%clk 0:50:58]}  Rxd4 {[%clk 0:20:42]} 27. Rxd4 {[%clk 0:50:16]}  Nd6 {[%clk 0:19:39]} 28. Bg3 {[%clk 0:47:51]}  Rd8 {[%clk 0:17:33]} 29. Rcd1 {[%clk 0:46:25]}  Nf7 {[%clk 0:17:53]} 30. Rxd8 {[%clk 0:45:15]}  Bxd8 {[%clk 0:17:47]} 31. e4 {[%clk 0:43:02]}  Bb6 {[%clk 0:14:59]} 32. h4 {[%clk 0:41:59]}  h5 {[%clk 0:15:00]} 33. Kh3 {[%clk 0:35:24]}  Kc8 {[%clk 0:14:00]} 34. Bd3 {[%clk 0:32:29]}  hxg4+ {[%clk 0:13:33]} 35. Kxg4 {[%clk 0:26:39]}  Bh7 {[%clk 0:10:00]} 36. Kh3 {[%clk 0:42:07]}  Bg8 {[%clk 0:29:31]} 37. Kg2 {[%clk 0:42:05]} 1/2-1/2

[Event "Amateur Tournament (ATO)"]
[Site "https://www.chess.com"]
[Date "2025.07.19"]
[Round "5"]
[White "Zarriess, Benjamin"]
[Black "Aleksenko, Kirill"]
[Result "1/2-1/2"]
[Board "31"]
[WhiteFideId "34606645"]
[BlackFideId "1364413"]
[WhiteElo "1741"]
[BlackElo "1707"]
[WhiteTeam "GER"]
[BlackTeam "SUI"]
[WhiteClock "0:55:32"]
[BlackClock "0:34:02"]
[Variant "Standard"]

1. d4 {[%clk 1:30:55]}  d5 {[%clk 1:30:37]} 2. Nf3 {[%clk 1:31:16]}  Nf6 {[%clk 1:30:59]} 3. e3 {[%clk 1:31:26]}  e6 {[%clk 1:31:14]} 4. Bd3 {[%clk 1:31:31]}  Bd6 {[%clk 1:31:25]} 5. Nbd2 {[%clk 1:31:31]}  Nbd7 {[%clk 1:31:10]} 6. O-O {[%clk 1:31:45]}  e5 {[%clk 1:30:42]} 7. e4 {[%clk 1:30:50]}  dxe4 {[%clk 1:29:05]} 8. Nxe4 {[%clk 1:30:38]}  Nxe4 {[%clk 1:29:09]} 9. Bxe4 {[%clk 1:30:56]}  O-O {[%clk 1:27:58]} 10. dxe5 {[%clk 1:24:09]}  Nxe5 {[%clk 1:06:38]} 11. Nxe5 {[%clk 1:24:16]}  Bxe5 {[%clk 1:06:18]} 12. Bxh7+ {[%clk 1:23:14]}  Kxh7 {[%clk 1:06:35]} 13. Qh5+ {[%clk 1:23:35]}  Kg8 {[%clk 1:06:40]} 14. Qxe5 {[%clk 1:23:40]}  Re8 {[%clk 1:06:19]} 15. Qh5 {[%clk 1:19:37]}  Qf6 {[%clk 1:01:44]} 16. c3 {[%clk 1:14:28]}  Re5 {[%clk 1:01:19]} 17. Qd1 {[%clk 1:14:17]}  Be6 {[%clk 1:00:19]} 18. Be3 {[%clk 1:12:55]}  Bd5 {[%clk 0:55:28]} 19. h3 {[%clk 1:07:03]}  Qf5 {[%clk 0:52:41]} 20. f3 {[%clk 0:59:12]}  f6 {[%clk 0:35:46]} 21. Kh2 {[%clk 0:55:32]}  Qg6 {[%clk 0:34:02]} 1/2-1/2

[Event "Amateur Tournament (ATO)"]
[Site "https://www.chess.com"]
[Date "2025.07.19"]
[Round "5"]
[White "Gotti, Nicola"]
[Black "Nuh Nizar Hilmi"]
[Result "0-1"]
[Board "34"]
[WhiteFideId "1301039"]
[BlackFideId "48754498"]
[WhiteElo "1738"]
[BlackElo "1521"]
[WhiteTeam "SUI"]
[BlackTeam "IND"]
[WhiteClock "1:08:56"]
[BlackClock "0:57:04"]
[Variant "Standard"]

1. e4 {[%clk 1:23:07]}  c5 {[%clk 1:28:59]} 2. Nf3 {[%clk 1:23:33]}  d6 {[%clk 1:29:22]} 3. d4 {[%clk 1:23:58]}  cxd4 {[%clk 1:26:25]} 4. Nxd4 {[%clk 1:23:51]}  Nf6 {[%clk 1:24:22]} 5. Nc3 {[%clk 1:24:12]}  g6 {[%clk 1:23:15]} 6. Be2 {[%clk 1:22:03]}  Bg7 {[%clk 1:21:22]} 7. Be3 {[%clk 1:21:38]}  O-O {[%clk 1:21:38]} 8. Qd2 {[%clk 1:18:53]}  Nc6 {[%clk 1:18:27]} 9. O-O-O {[%clk 1:18:04]}  Bd7 {[%clk 1:14:38]} 10. f3 {[%clk 1:16:23]}  Rc8 {[%clk 1:11:58]} 11. Kb1 {[%clk 1:16:40]}  Ne5 {[%clk 1:05:52]} 12. h4 {[%clk 1:15:53]}  h5 {[%clk 1:03:57]} 13. Bh6 {[%clk 1:14:44]}  Nc4 {[%clk 1:00:16]} 14. Bxc4 {[%clk 1:14:25]}  Rxc4 {[%clk 0:59:28]} 15. Bxg7 {[%clk 1:12:47]}  Kxg7 {[%clk 0:58:57]} 16. g4 {[%clk 1:08:56]}  hxg4 {[%clk 0:57:04]} 0-1

[Event "Amateur Tournament (ATO)"]
[Site "https://www.chess.com"]
[Date "2025.07.19"]
[Round "5"]
[White "Pinelli, Gian"]
[Black "Trachsel, Peter"]
[Result "1-0"]
[Board "35"]
[WhiteFideId "1348710"]
[BlackFideId "1303058"]
[WhiteElo "1841"]
[BlackElo "1695"]
[WhiteTeam "SUI"]
[BlackTeam "SUI"]
[WhiteClock "0:20:57"]
[BlackClock "0:30:50"]
[Variant "Standard"]

1. d4 {[%clk 1:30:54]}  d5 {[%clk 1:30:42]} 2. c4 {[%clk 1:31:20]}  c6 {[%clk 1:30:53]} 3. Nc3 {[%clk 1:31:44]}  Nf6 {[%clk 1:31:06]} 4. Nf3 {[%clk 1:32:07]}  dxc4 {[%clk 1:31:05]} 5. a4 {[%clk 1:32:26]}  Bf5 {[%clk 1:30:52]} 6. e3 {[%clk 1:32:43]}  e6 {[%clk 1:31:01]} 7. Bxc4 {[%clk 1:33:03]}  Bb4 {[%clk 1:30:47]} 8. O-O {[%clk 1:33:21]}  O-O {[%clk 1:30:48]} 9. Qe2 {[%clk 1:30:05]}  Bg4 {[%clk 1:24:45]} 10. Rd1 {[%clk 1:20:51]}  Qa5 {[%clk 1:19:48]} 11. Rd3 {[%clk 1:09:20]}  Nbd7 {[%clk 1:12:48]} 12. e4 {[%clk 1:00:55]}  e5 {[%clk 0:56:07]} 13. Qe3 {[%clk 0:50:39]}  Bxf3 {[%clk 0:49:59]} 14. Qxf3 {[%clk 0:49:18]}  exd4 {[%clk 0:50:04]} 15. Rxd4 {[%clk 0:42:13]}  Ne5 {[%clk 0:49:37]} 16. Qe2 {[%clk 0:24:14]}  Nxc4 {[%clk 0:36:56]} 17. Qxc4 {[%clk 0:23:05]}  Rad8 {[%clk 0:30:50]} 18. Qxb4 {[%clk 0:20:57]} 1-0

[Event "Amateur Tournament (ATO)"]
[Site "https://www.chess.com"]
[Date "2025.07.19"]
[Round "5"]
[White "Strebel, Beda"]
[Black "Mogasale, Chetan"]
[Result "0-1"]
[Board "36"]
[WhiteFideId "1366432"]
[BlackFideId "1356615"]
[WhiteElo "1695"]
[BlackElo "1811"]
[WhiteTeam "SUI"]
[BlackTeam "SUI"]
[WhiteClock "1:03:08"]
[BlackClock "0:49:41"]
[Variant "Standard"]

1. e4 {[%clk 1:30:56]}  e6 {[%clk 1:30:53]} 2. d4 {[%clk 1:31:21]}  d5 {[%clk 1:31:16]} 3. Nd2 {[%clk 1:31:45]}  Nc6 {[%clk 1:30:12]} 4. c3 {[%clk 1:31:57]}  dxe4 {[%clk 1:29:56]} 5. Nxe4 {[%clk 1:32:17]}  Be7 {[%clk 1:29:55]} 6. Nf3 {[%clk 1:32:17]}  Nf6 {[%clk 1:30:11]} 7. Nxf6+ {[%clk 1:32:40]}  Bxf6 {[%clk 1:30:33]} 8. Bd3 {[%clk 1:31:44]}  O-O {[%clk 1:30:00]} 9. O-O {[%clk 1:31:45]}  Ne7 {[%clk 1:28:07]} 10. Re1 {[%clk 1:28:18]}  Nd5 {[%clk 1:24:16]} 11. Be3 {[%clk 1:23:35]}  b6 {[%clk 1:21:06]} 12. Nd2 {[%clk 1:21:36]}  Bb7 {[%clk 1:17:56]} 13. Ne4 {[%clk 1:21:02]}  Be7 {[%clk 1:16:59]} 14. Qh5 {[%clk 1:19:01]}  g6 {[%clk 0:50:51]} 15. Qh6 {[%clk 1:17:00]}  Nxe3 {[%clk 0:49:45]} 16. Rxe3 {[%clk 1:17:16]}  f5 {[%clk 0:49:41]} 17. Qxh7+ {[%clk 1:03:08]} 0-1

[Event "Amateur Tournament (ATO)"]
[Site "https://www.chess.com"]
[Date "2025.07.19"]
[Round "5"]
[White "Klas, Friedrich Guenther"]
[Black "Glanc, Lea"]
[Result "1/2-1/2"]
[Board "37"]
[WhiteFideId "24669970"]
[BlackFideId "1344064"]
[WhiteElo "1686"]
[BlackElo "1735"]
[WhiteTeam "GER"]
[BlackTeam "SUI"]
[WhiteClock "0:42:42"]
[BlackClock "0:44:15"]
[Variant "Standard"]

1. e4 {[%clk 1:30:15]}  e6 {[%clk 1:30:54]} 2. Nc3 {[%clk 1:30:32]}  d5 {[%clk 1:30:51]} 3. e5 {[%clk 1:30:32]}  c5 {[%clk 1:30:48]} 4. f4 {[%clk 1:30:35]}  Nc6 {[%clk 1:30:03]} 5. Nf3 {[%clk 1:30:29]}  a6 {[%clk 1:26:13]} 6. Ne2 {[%clk 1:28:32]}  Nge7 {[%clk 1:24:33]} 7. Ng3 {[%clk 1:28:42]}  Nf5 {[%clk 1:20:05]} 8. Nxf5 {[%clk 1:27:13]}  exf5 {[%clk 1:20:30]} 9. d3 {[%clk 1:21:02]}  Be7 {[%clk 1:17:24]} 10. c3 {[%clk 1:18:38]}  Be6 {[%clk 1:14:01]} 11. Be2 {[%clk 1:16:49]}  Qc7 {[%clk 1:10:43]} 12. O-O {[%clk 1:14:36]}  O-O-O {[%clk 1:05:26]} 13. Bd2 {[%clk 1:00:09]}  h6 {[%clk 0:44:15]} 14. Kh1 {[%clk 0:42:42]} 1/2-1/2

[Event "Amateur Tournament (ATO)"]
[Site "https://www.chess.com"]
[Date "2025.07.19"]
[Round "5"]
[White "Hottinger, Ieremia"]
[Black "Lincke, Paul"]
[Result "1-0"]
[Board "38"]
[WhiteFideId "1359185"]
[BlackFideId "1302507"]
[WhiteElo "1734"]
[BlackElo "1556"]
[WhiteTeam "SUI"]
[BlackTeam "SUI"]
[WhiteClock "0:26:05"]
[BlackClock "0:55:46"]
[Variant "Standard"]

1. e4 {[%clk 1:30:56]}  e6 {[%clk 1:28:40]} 2. d4 {[%clk 1:31:18]}  d5 {[%clk 1:28:59]} 3. Nc3 {[%clk 1:31:24]}  Bb4 {[%clk 1:29:13]} 4. e5 {[%clk 1:25:55]}  Nc6 {[%clk 1:29:04]} 5. f4 {[%clk 1:22:10]}  Nge7 {[%clk 1:28:08]} 6. Nf3 {[%clk 1:21:46]}  h6 {[%clk 1:28:12]} 7. Bd3 {[%clk 1:21:55]}  a6 {[%clk 1:27:28]} 8. a3 {[%clk 1:21:30]}  Bxc3+ {[%clk 1:27:44]} 9. bxc3 {[%clk 1:21:51]}  Rb8 {[%clk 1:27:23]} 10. h4 {[%clk 1:21:35]}  O-O {[%clk 1:27:06]} 11. h5 {[%clk 1:21:28]}  f5 {[%clk 1:26:35]} 12. Rh3 {[%clk 1:21:16]}  Bd7 {[%clk 1:25:54]} 13. Rg3 {[%clk 1:13:39]}  Kh8 {[%clk 1:24:54]} 14. Nh4 {[%clk 1:13:58]}  Ng8 {[%clk 1:24:25]} 15. Ng6+ {[%clk 1:13:24]}  Kh7 {[%clk 1:24:53]} 16. Nxf8+ {[%clk 1:12:40]}  Qxf8 {[%clk 1:25:10]} 17. Bd2 {[%clk 1:08:54]}  Qf7 {[%clk 1:21:44]} 18. Qg4 {[%clk 1:09:01]}  Be8 {[%clk 1:21:29]} 19. Kf2 {[%clk 1:08:18]}  Kh8 {[%clk 1:21:41]} 20. Qh3 {[%clk 1:00:51]}  Qxh5 {[%clk 1:21:47]} 21. Rh1 {[%clk 1:00:36]}  Qxh3 {[%clk 1:21:55]} 22. gxh3 {[%clk 1:00:11]}  Rd8 {[%clk 1:20:44]} 23. Rhg1 {[%clk 1:00:29]}  Rd7 {[%clk 1:20:42]} 24. a4 {[%clk 0:59:02]}  Rf7 {[%clk 1:20:43]} 25. Be2 {[%clk 0:58:36]}  Re7 {[%clk 1:20:07]} 26. Rb1 {[%clk 0:56:21]}  Na5 {[%clk 1:19:19]} 27. c4 {[%clk 0:54:16]}  Bh5 {[%clk 1:11:22]} 28. h4 {[%clk 0:26:05]}  Kh7 {[%clk 0:55:46]} 1-0

[Event "Amateur Tournament (ATO)"]
[Site "https://www.chess.com"]
[Date "2025.07.19"]
[Round "5"]
[White "Cloete, Willem Francois"]
[Black "Funk, Kurt"]
[Result "1-0"]
[Board "39"]
[WhiteFideId "14358387"]
[BlackFideId "1317423"]
[WhiteElo "1567"]
[BlackElo "1734"]
[WhiteTeam "RSA"]
[BlackTeam "SUI"]
[WhiteClock "0:05:45"]
[BlackClock "0:03:18"]
[Variant "Standard"]

1. e4 {[%clk 1:30:55]}  g6 {[%clk 1:30:54]} 2. d4 {[%clk 1:31:19]}  Bg7 {[%clk 1:31:20]} 3. Nc3 {[%clk 1:31:38]}  d6 {[%clk 1:31:41]} 4. Be2 {[%clk 1:31:53]}  Nd7 {[%clk 1:31:12]} 5. h4 {[%clk 1:31:00]}  e5 {[%clk 1:28:06]} 6. Be3 {[%clk 1:28:12]}  b6 {[%clk 1:21:31]} 7. Qd2 {[%clk 1:22:10]}  Bb7 {[%clk 1:17:21]} 8. O-O-O {[%clk 1:18:30]}  a6 {[%clk 1:06:32]} 9. h5 {[%clk 1:13:26]}  Ne7 {[%clk 0:56:07]} 10. g4 {[%clk 1:04:27]}  gxh5 {[%clk 0:53:00]} 11. Bh6 {[%clk 0:56:01]}  Bf8 {[%clk 0:37:09]} 12. g5 {[%clk 0:46:43]}  Bxh6 {[%clk 0:33:28]} 13. gxh6 {[%clk 0:46:45]}  Ng6 {[%clk 0:31:43]} 14. Nh3 {[%clk 0:40:15]}  Nf6 {[%clk 0:26:08]} 15. Qe3 {[%clk 0:31:36]}  Qe7 {[%clk 0:24:57]} 16. d5 {[%clk 0:28:05]}  O-O-O {[%clk 0:24:08]} 17. Rhg1 {[%clk 0:24:05]}  Kb8 {[%clk 0:20:51]} 18. Rg5 {[%clk 0:18:50]}  b5 {[%clk 0:18:08]} 19. Nxb5 {[%clk 0:14:42]}  Nd7 {[%clk 0:11:28]} 20. Rxh5 {[%clk 0:06:54]}  f6 {[%clk 0:03:58]} 21. Rf5 {[%clk 0:05:45]}  Nf4 {[%clk 0:03:18]} 1-0